Statistiques concernant Find all flavors of Air up

Cliquez ici pour prendre le quiz!

Statistiques générales

  • Ce quiz a été pris 4 fois
  • Le résultat moyen est 10 sur 15

Statistiques - réponses

HintRéponse% Correct
Another version of lemonLime
100%
PPeach
100%
All berrysWild berry
100%
AApple
67%
The most liked candy flavourBlue Raspberry
67%
Famous flavourCherry Cola
67%
famous drinkCola
67%
famous peach drinkIce tea
67%
Acid and BitterLemon
67%
Similar to orange juiceOrangeade
67%
Lime drinkVirgin Mojito
67%
BerryBlueberry
33%
Chewing gum famous flavourBubble Gum
33%
With pointsPineapple
33%
Very likedWatermelon
33%

Distribution des résultats

Percentile par nombre de réponses

% des personnes avec chaque résultat

Votre développement - résultats

Vous n’avez pas pris ce quiz